MARC details
| 000 -LEADER |
| fixed length control field |
01524nam a2200277 a 4500 |
| 008 - FIXED-LENGTH DATA ELEMENTS--GENERAL INFORMATION |
| fixed length control field |
120416s1990 ||||||||||||||||| || u |
| 020 ## - INTERNATIONAL STANDARD BOOK NUMBER |
| International Standard Book Number |
0333471504 |
| 050 ## - LIBRARY OF CONGRESS CALL NUMBER |
| Classification number |
HD 1387 But |
| 100 ## - MAIN ENTRY--PERSONAL NAME |
| Personal name |
Richmond, David |
| 245 10 - TITLE STATEMENT |
| Title |
Advanced valuation |
| Statement of responsibility, etc. |
Diane Butler; David Richmond |
| 260 ## - PUBLICATION, DISTRIBUTION, ETC. |
| Place of publication, distribution, etc. |
London |
| Name of publisher, distributor, etc. |
Macmillan |
| Date of publication, distribution, etc. |
1990 |
| 260 ## - PUBLICATION, DISTRIBUTION, ETC. |
| Place of publication, distribution, etc. |
London |
| Name of publisher, distributor, etc. |
MacMillan Press |
| Date of publication, distribution, etc. |
1990 |
| 300 ## - PHYSICAL DESCRIPTION |
| Extent |
x, 297p. : ill. |
| 350 ## - |
| -- |
0.00 |
| 650 ## - SUBJECT ADDED ENTRY--TOPICAL TERM |
| Topical term or geographic name entry element |
VALUATION |
| 650 #0 - SUBJECT ADDED ENTRY--TOPICAL TERM |
| Topical term or geographic name entry element |
SURVEYING |
| 650 ## - SUBJECT ADDED ENTRY--TOPICAL TERM |
| Topical term or geographic name entry element |
LAND |
| 650 ## - SUBJECT ADDED ENTRY--TOPICAL TERM |
| Topical term or geographic name entry element |
LAND VALUATION |
| 700 ## - ADDED ENTRY--PERSONAL NAME |
| Personal name |
Butler, Diane |
| 995 ## - |
| -- |
ANNEX COLLECTION (Main Library) |
| -- |
0.00 |
| -- |
736397 |
| -- |
CBU-MAIN LIBRARY (Kitwe) |
| -- |
1 |
| -- |
26.50 |
| -- |
HD 1387 But |
| -- |
1 |
| -- |
AVAILABLE |
| -- |
40030 |
| -- |
Annex Low-Usage Collection |
| 995 ## - |
| -- |
ANNEX COLLECTION (Main Library) |
| -- |
0.00 |
| -- |
736398 |
| -- |
CBU-MAIN LIBRARY (Kitwe) |
| -- |
4 |
| -- |
26.50 |
| -- |
HD 1387 But |
| -- |
4 |
| -- |
AVAILABLE |
| -- |
Aug 8, 2006 |
| -- |
40029 |
| -- |
Annex Low-Usage Collection |
| 995 ## - |
| -- |
TEXTBOOKS (SBE) |
| -- |
0.00 |
| -- |
2028 |
| -- |
CBU-SCHOOL TEXTBOOK COLLECTIONS |
| -- |
1 |
| -- |
0.00 |
| -- |
SCHOOL TEXTBOOK |
| -- |
5 |
| -- |
AVAILABLE |
| -- |
Nov 19, 2008 |
| -- |
2028 |
| -- |
School Collections |
| 995 ## - |
| -- |
MAIN LIBRARY OPEN ACCESS |
| -- |
0.00 |
| -- |
742542 |
| -- |
CBU-MAIN LIBRARY (Kitwe) |
| -- |
1 |
| -- |
0.00 |
| -- |
HD 1387 But |
| -- |
6 |
| -- |
AVAILABLE |
| -- |
May 9, 2011 |
| -- |
742542 |
| -- |
Main Library Open Access Collection |
| 995 ## - |
| -- |
ANNEX COLLECTION (Main Library) |
| -- |
0.00 |
| -- |
736395 |
| -- |
CBU-MAIN LIBRARY (Kitwe) |
| -- |
2 |
| -- |
26.50 |
| -- |
HD 1387 But |
| -- |
2 |
| -- |
AVAILABLE |
| -- |
40031 |
| -- |
Annex Low-Usage Collection |
| 995 ## - |
| -- |
MAIN LIBRARY OPEN ACCESS |
| -- |
0.00 |
| -- |
736396 |
| -- |
CBU-MAIN LIBRARY (Kitwe) |
| -- |
3 |
| -- |
26.50 |
| -- |
HD 1387 But |
| -- |
3 |
| -- |
AVAILABLE |
| -- |
40024 |
| -- |
Main Library Open Access Collection |
| 999 ## - |
| -- |
83731 |
| -- |
83731 |